| 000 | 00831nam a2200265Ia 4500 | ||
|---|---|---|---|
| 001 | Para_703 | ||
| 003 | CHAP | ||
| 008 | 220125s2000 xx 000 0 und d | ||
| 010 | _a199428 | ||
| 040 | _cCHAP | ||
| 082 | _aPA 595.701 L53 2000 | ||
| 100 |
_aLlanderal Cázares, Celina _967251 |
||
| 245 |
_aIntroducción a la fisiología de insectos / _c por Celina Llanderal Cázares |
||
| 260 |
_aMontecillo, México : _b Colegio de Postgraduados. Instituto de Fitosanidad |
||
| 300 | _a190 p. | ||
| 650 |
_aInsectos _x anatomía y fisología _9164667 |
||
| 710 |
_aColegio de Postgraduados. Instituto de fitosanidad _9164668 |
||
| 901 | _aPA 595.701 L53 2000 | ||
| 902 | _aA | ||
| 905 | _a0000002000 ai 0000000000 00 | ||
| 910 | _a2000 | ||
| 942 | _cPARA | ||
| 942 |
_cPARA _d1 |
||
| 999 |
_c199428 _d199428 |
||